Statistics for ESPN Fantasy Basketball

Click here to take the quiz!

General Stats

  • This quiz has been taken 22 times
    (19 since last reset)
  • The average score is 28 of 50

Answer Stats

NumberAnswer% Correct
2James Harden
94%
6LeBron James
88%
25Devin Booker
82%
3Luka Doncic
82%
44Steph Curry
82%
1Giannis Antetokounmpo
76%
11Joel Embiid
76%
14Kyrie Irving
76%
8Nikola Jokic
76%
17Russell Westbrook
76%
5Anthony Davis
71%
21Bradley Beal
71%
33Chris Paul
71%
7Damian Lillard
71%
37Jayson Tatum
71%
24Jimmy Butler
71%
10Kawhi Leonard
65%
43De'aaron Fox
59%
26DeMar DeRozan
59%
40Kemba Walker
59%
36Paul George
59%
50Tobias Harris
59%
16Trae Young
59%
9Andre Drummond
53%
19Ben Simmons
53%
27Brandon Ingram
53%
15Domantas Sabonis
53%
48Julius Randle
53%
4Karl Anthony-Towns
53%
38Zach LaVine
53%
23Bam Adebayo
47%
46D'Angelo Russell
47%
34Kevin Love
47%
30Khris Middleton
47%
49Kristaps Porzingis
47%
29Pascal Siakam
47%
12Rudy Gobert
47%
47Shai Gilgeous-Alexander
47%
20Clint Capela
41%
18Deandre Ayton
41%
41Donovan Mitchell
41%
35Kyle Lowry
41%
22John Collins
35%
28Nikola Vucevic
35%
42Gordon Hayward
29%
31Jonas Valanciunas
29%
32LaMarcus Aldridge
29%
45Montrezl Harrell
29%
13Hassan Whiteside
12%
39Richaun Holmes
6%

Score Distribution

Percentile by Number Answered

Percent of People with Each Score

Your Score History

You have not taken this quiz since the last reset